000 01085nam a2200289Ia 4500
008 130821s2000 ck gr spa
020 _a9586009777
040 _aCo-BoUCM
_bspa
041 0 0 _aspa
100 _aBrooke, Michael Z.
_9158405
245 0 3 _aEl ejecutivo visionario Planeación estratégica para los líderes de los nuevos negocios
_cMichael Z. Brooke, William R. Mills, traducido por Cecilia Avila de Barón
260 _aBogotá (Colombia)
_bMcGraw Hill
_c2000
300 _a260 páginas
504 _aIncluye índice
650 0 4 _aAdministración de personal
_98562
650 0 4 _aAdministración
_98524
650 0 4 _aEjecutivos
_913930
650 0 4 _aÉtica empresarial
_915237
650 0 4 _aLiderazgo
_918533
650 0 4 _aNegocios
_920172
650 0 4 _aOrganizaciones
_920864
700 _aAvila de Barón, Cecilia; Trad.
_9124780
700 _aMills, William R.
_9158406
765 _t<The> visionary executive : Strategic planning for the New Business Leaders
942 _cLIBRO
_a16
_e1
_mB872E
_2DEWEY
_h658.42
999 _c32857
_d32857